01299nam a2200277 a 450000100100000000500170001000800410002704000250006808200190009310000330011224501160014526000390026130000280030050000630032850000320039159000260042365000350044965000330048465000320051770000490054991000390059895201310063795201160076895201220088499900150100600000757220200929154222.0090909s200u dr a 000 0 spa d aDO-SdBNPbspacBNPHU a616.075bA162h1 aAbreu Reyes, Emmanuel92101710aHistorial clínico y semiología quirúrgica /cEmmanuel Abreu Reyes ; prólogo Sócrates Montas Castillo. a[Santo Domingo. :b[s.n.,c200? ]. a281 p. :bil. ;c22 cm. aIncluye datos biográficos del autor en la contracubierta aBibliografía : p. 269-272 aInventariado, 2018/LP 4aSemiología (médica)921018 4aPronóstico médico921019 4aHistorias clínicas91582912aMontas Castillo, Sócrates,epról.921020 aValidado. Control de calidad BNPHU 001052708DSaGRbGRcHDd2009-09-09iLF1l0o616.075 A162hp7572-30r2020-06-25te. 3w2020-06-25yLFDSZPréstamo interno 0010718PDaPDbPDcHDd2009-09-09iLF1l0o616.075 A162hp7572-10r2020-06-25w2020-06-25yLFPDZNo se presta 0010718PDaPDbPDcHDd2009-09-09iLF1l0o616.075 A162hp7572-20r2020-06-25te. 2w2020-06-25yLFPDZNo se presta c7353d7353